000 00716nam a22002537a 4500
003 UA-OsUOA
001 121637
007 ta
008 20170324b un ||||| |||| 00| 0 ukr d
100 _aЗавгородній Ю.
090 _a821.161.2
_bЗ-13
942 _cBK
040 _aUA-OsUOA
_bukr
_cUA-OsUOA
_dUA-OsUOA
245 _aЗадовгий день "Ч" (Зона поза часом)
_bповість
300 _a176 с.
955 _a3
041 _aukr
080 _a821.161.2
020 _a966-663-183-0
591 _aДімаров А.
260 _aЛьвів
_bКальварія
_c2005
650 7 _a82 Література. Літературознавство
_2UDC
999 _c407747
_d407747